000 00912nam a2200289Ia 4500
003 OSt
005 20221005024725.0
006 a|||||r|||| 00| 0
007 ta
008 221004b |||||||| |||| 00| 0 eng d
020 _a9781284052633 (hbk)
_cUSD 70.00
024 _a33360
037 _b429, 10/03/2017, Kilaso Books
_cTextual
040 _aCRL
_cCRL
_beng
041 _2eng
_aeng
082 _aL9C:4:8, Q6
100 _aLauwers Judith Au.
_9580974
245 0 _aCounseling the nursing mother
_b a lactation consultant's guide
250 _a6th
260 _aBurlington
_bJones and Bartlett UK
_c2016
300 _axiv,810p.
_ccm.
650 _a BREAST FEEDING
_9580975
650 _aCHILDREN - DISEASES
700 _a Swisher Anna Au.
_9580976
942 _hL9C:4:8, Q6
_cTEXL
_2cc
999 _c933327
_d933327